000 00600nam a2200181Ia 4500
008 090124s9999 xx 000 0 und d
082 _b122658
100 _aनास्नोलकर हरगोविंद
245 _a एक गिधाड एक डाकू
250 _a1
260 _c1984
300 _a442
600 _aनास्नोलकर हरगोविंद
630 _a एक गिधाड एक डाकू
700 _aनास्नोलकर हरगोविंद
730 _a एक गिधाड एक डाकू
942 _cBOOK
999 _c168744
_d168744